000 00506nam a2200097Ia 4500
008 170517s9999 xx 000 0 und d
245 _aGlobesity: Fat's New Frontier
300 _aGlobesity: Fat's New Frontier reveals the outrageous eruption of a worldwide corpulence in countries where not so long ago famine was number one health issue. In China the usage of sugar and oil has led to rapid enlargement of...
650 _xTechnology.
856 _uhttp://topdocumentaryfilms.com/globesity-fats-new-frontier/
999 _c335041
_d335041